000
00207nam a22000857a 4500
008
161116b xxu||||| |||| 00| 0 eng d
100
_9
1232
_a
CBSE
245
_a
F.A. Mathematics-IX
260
_a
New Delhi
_b
CBSE
_c
2010
999
_c
3934
_d
3934